000 00653nam a2200229 a 4500
001 13939
003 BD-JhCC
005 20240517083242.0
008 171012s1994 bg |||| ||a| 000 0 ben d
020 _a9848684778
035 _a(BD-JhCC)13939
040 _aBD-JhCC
_dBD-JhCC
041 _aben
082 _a891.443
_bMIL 2008
100 _aমিলন, ইমদাদুল হক
245 _aএসো হাত ধরো /
_cইমদাদুল হক মিলন
260 _aঢাকা :
_bঅন্যপ্রকাশ;
_c2008.
300 _a184 p. :
_c21 cm.
650 _aBengali Novel
942 _2ddc
_cBK
999 _c13939
_d13939